000
00293nam a2200121Ia 4500
008
200130s9999||||xx |||||||||||||| ||und||
040
_a
MAIN
041
_a
English
100
_a
Pujari,Anuradha Sarma
245
0
_a
Anuradha Sarma Pujarir Diary
260
_b
Jyoti Prakashan
_a
Guwahati
942
_c
BK
999
_c
636
_d
636